[Event "71st ch-RUS HL 2018"]
[Site "Yaroslavl RUS"]
[Date "2018.06.26"]
[Round "1.1"]
[White "Goganov, Aleksey"]
[Black "Matlakov, Maxim"]
[Result "1/2-1/2"]
[WhiteTitle "GM"]
[BlackTitle "GM"]
[WhiteElo "2576"]
[BlackElo "2699"]
[WhiteFideId "24109959"]
[BlackFideId "4168003"]
[EventDate "2018.06.26"]

1. e4 e5 2. Nf3 Nc6 3. Nc3 Nf6 4. Bb5 Bb4 5. O-O O-O 6. d3 Bxc3 7. bxc3 d6 8.
Bg5 Bd7 9. Nd2 h6 10. Bh4 g5 11. Bg3 Ne7 12. Bxd7 Nxd7 13. d4 f5 14. exf5 exd4
15. cxd4 Nxf5 16. Qf3 Rf7 17. Qxb7 Nxd4 18. Qe4 Nf5 19. Rae1 Qc8 20. f4 Nf6 21.
Qd3 g4 22. Bf2 Qd7 23. Bd4 Nxd4 24. Qxd4 Qb5 25. Kh1 Qd5 26. Qf2 Qxa2 27. Nb3 a5
28. Ra1 Qb2 29. Nxa5 Qc3 30. Nb3 Rxa1 31. Nxa1 Nd5 32. g3 Re7 33. Nb3 Re3 34.
Rd1 Nf6 35. Nd2 Qxc2 36. Qxe3 Qxd1+ 37. Kg2 Kf7 38. f5 Qa1 39. Qxh6 Qd4 40. Qg6+
Ke7 41. Qg7+ Ke8 42. Qg5 Qd5+ 43. Kg1 Kf7 44. Qg6+ Ke7 45. Qg7+ Qf7 46. Qg5 Qd5
47. Qg7+ Qf7 48. Qg5 Qd5 49. Qg7+ 1/2-1/2

[Event "71st ch-RUS HL 2018"]
[Site "Yaroslavl RUS"]
[Date "2018.06.26"]
[Round "1.2"]
[White "Inarkiev, Ernesto"]
[Black "Sarana, Alexey"]
[Result "1/2-1/2"]
[WhiteTitle "GM"]
[BlackTitle "GM"]
[WhiteElo "2684"]
[BlackElo "2573"]
[WhiteFideId "4162722"]
[BlackFideId "24133795"]
[EventDate "2018.06.26"]

1. c4 e5 2. Nc3 Nf6 3. Nf3 Nc6 4. g3 Bb4 5. Bg2 O-O 6. O-O e4 7. Ng5 Bxc3 8.
bxc3 Re8 9. f3 exf3 10. Nxf3 d5 11. d4 dxc4 12. Bg5 h6 13. Bxf6 Qxf6 14. e4 Bg4
15. Qa4 Qd6 16. Rab1 Rxe4 17. Rxb7 Re2 18. Nh4 Nd8 19. Rbb1 c6 20. Qxc4 Qe6 21.
Qxe6 Bxe6 22. Nf5 Rxa2 23. Ne7+ Kf8 24. Ng6+ Kg8 25. Ne7+ Kf8 26. Ng6+ Kg8 27.
Ne7+ Kf8 1/2-1/2

[Event "71st ch-RUS HL 2018"]
[Site "Yaroslavl RUS"]
[Date "2018.06.26"]
[Round "1.3"]
[White "Shaposhnikov, Evgeny"]
[Black "Najer, Evgeniy"]
[Result "0-1"]
[WhiteTitle "GM"]
[BlackTitle "GM"]
[WhiteElo "2572"]
[BlackElo "2668"]
[WhiteFideId "4122232"]
[BlackFideId "4118987"]
[EventDate "2018.06.26"]

1. Nf3 d5 2. d4 Nf6 3. c4 e6 4. e3 b6 5. Nc3 Bd6 6. b3 O-O 7. Bb2 Bb7 8. Bd3
Nbd7 9. O-O Re8 10. Rc1 dxc4 11. bxc4 a6 12. e4 e5 13. d5 c6 14. Nd2 Nc5 15. Be2
cxd5 16. cxd5 b5 17. a3 Bc8 18. Qc2 Bd7 19. Nb3 Nb7 20. Qd3 Qe7 21. Ra1 Rec8 22.
Rfc1 h5 23. Nd1 h4 24. Rxc8+ Rxc8 25. Ne3 h3 26. Nf5 Bxf5 27. exf5 hxg2 28. a4
e4 29. Qh3 Rc2 30. axb5 Rxb2 31. bxa6 Rxb3 32. Qxb3 Qe5 0-1

[Event "71st ch-RUS HL 2018"]
[Site "Yaroslavl RUS"]
[Date "2018.06.26"]
[Round "1.4"]
[White "Sjugirov, Sanan"]
[Black "Moskalenko, Alexander"]
[Result "1-0"]
[WhiteTitle "GM"]
[BlackTitle "GM"]
[WhiteElo "2663"]
[BlackElo "2558"]
[WhiteFideId "4189302"]
[BlackFideId "4155351"]
[EventDate "2018.06.26"]

1. e4 e6 2. d4 d5 3. Nc3 h6 4. a3 dxe4 5. Nxe4 Nd7 6. Nf3 Ngf6 7. Nxf6+ Nxf6 8.
Be3 Nd5 9. Bd2 c5 10. c4 Nf6 11. Bd3 cxd4 12. Qe2 Bc5 13. Ne5 Nd7 14. O-O Bd6
15. f4 Qc7 16. Rae1 O-O 17. b4 Re8 18. c5 Bxe5 19. fxe5 Nf8 20. Qg4 1-0

[Event "71st ch-RUS HL 2018"]
[Site "Yaroslavl RUS"]
[Date "2018.06.26"]
[Round "1.5"]
[White "Vavulin, Maksim"]
[Black "Motylev, Alexander"]
[Result "0-1"]
[WhiteTitle "IM"]
[BlackTitle "GM"]
[WhiteElo "2552"]
[BlackElo "2659"]
[WhiteFideId "4169530"]
[BlackFideId "4121830"]
[EventDate "2018.06.26"]

1. e4 c5 2. Nf3 Nc6 3. g3 Nf6 4. d3 d5 5. e5 Nd7 6. Bf4 g6 7. c3 Bg7 8. d4 O-O
9. h4 cxd4 10. cxd4 f6 11. e6 Nb6 12. Bh3 f5 13. h5 Bxe6 14. Ng5 Qc8 15. Nc3 h6
16. hxg6 hxg5 17. Bxg5 Nxd4 18. Qh5 Rf6 19. Bxf6 Bxf6 20. O-O Kg7 21. Qh7+ Kf8
22. Rad1 Bg8 23. Qh5 e6 24. g4 Nf3+ 25. Kg2 d4 26. Kxf3 dxc3 27. bxc3 Nd5 28.
Rd3 Qc4 29. Rfd1 Qe4+ 30. Kg3 Be5+ 31. Kh4 Qf4 32. Bg2 Qxf2+ 0-1

[Event "71st ch-RUS HL 2018"]
[Site "Yaroslavl RUS"]
[Date "2018.06.26"]
[Round "1.10"]
[White "Lysyj, Igor"]
[Black "Moiseenko, Vadim"]
[Result "1-0"]
[WhiteTitle "GM"]
[BlackTitle "GM"]
[WhiteElo "2630"]
[BlackElo "2517"]
[WhiteFideId "4150120"]
[BlackFideId "4123700"]
[EventDate "2018.06.26"]

1. d4 d5 2. c4 dxc4 3. e3 e5 4. Bxc4 Nc6 5. Nf3 e4 6. Qb3 Nh6 7. Nfd2 Qg5 8. Bf1
f5 9. Nc3 a6 10. Nc4 Nf7 11. h4 Qd8 12. g4 fxg4 13. Nxe4 Be7 14. Bg2 O-O 15. Bd2
Be6 16. Qc2 Nb4 17. Bxb4 Bxb4+ 18. Ke2 h6 19. Rad1 c6 20. Ng3 b5 21. Nd2 Nd6 22.
a3 Qf6 23. Nde4 Nxe4 24. Nxe4 Qf5 25. axb4 Bd5 26. Rd2 a5 27. bxa5 Rxa5 28. Rc1
Ra7 29. Kf1 Qh5 30. Ng3 Qxh4 31. e4 Bc4+ 32. Kg1 Qg5 33. b3 Bf7 34. Nf1 h5 35.
Qxc6 h4 36. Qc5 1-0

[Event "71st ch-RUS HL 2018"]
[Site "Yaroslavl RUS"]
[Date "2018.06.26"]
[Round "1.12"]
[White "Khismatullin, Denis"]
[Black "Triapishko, Alexandr"]
[Result "1-0"]
[WhiteTitle "GM"]
[BlackTitle "IM"]
[WhiteElo "2627"]
[BlackElo "2513"]
[WhiteFideId "4142578"]
[BlackFideId "14122286"]
[EventDate "2018.06.26"]

1. d4 Nf6 2. Nf3 g6 3. c4 Bg7 4. e3 O-O 5. Be2 c5 6. d5 e6 7. Nc3 exd5 8. cxd5
d6 9. O-O Bg4 10. h3 Bxf3 11. Bxf3 Na6 12. Qb3 Rb8 13. Nb5 Qb6 14. e4 Nc7 15.
Nc3 Qa6 16. Bf4 Rfd8 17. a4 Nd7 18. Be2 Qb6 19. Qc2 a5 20. Ra3 Na6 21. Nb5 Ne5
22. Be3 Re8 23. Re1 Nc7 24. Rb3 Na6 25. f4 Nd7 26. Bc4 Nb4 27. Qb1 Ra8 28. Bf2
Rad8 29. Rf3 g5 30. e5 dxe5 31. fxg5 e4 32. Rxe4 Ne5 33. Rxe5 Rxe5 34. d6 Rd7
35. g6 hxg6 36. Qxg6 Nd5 37. Qg4 Qc6 38. Rg3 f5 39. Qg6 Kf8 40. Rf3 Rf7 41. Bh4
Qe8 42. Nc7 Re1+ 43. Bxe1 Qxe1+ 44. Rf1 Qe3+ 45. Kh1 Rf6 46. Nxd5 1-0

[Event "71st ch-RUS HL 2018"]
[Site "Yaroslavl RUS"]
[Date "2018.06.26"]
[Round "1.22"]
[White "Turov, Maxim"]
[Black "Vastrukhin, Oleg"]
[Result "1/2-1/2"]
[WhiteTitle "GM"]
[WhiteElo "2600"]
[BlackElo "2420"]
[WhiteFideId "4120086"]
[BlackFideId "4192770"]
[EventDate "2018.06.26"]

1. Nf3 g6 2. g3 Bg7 3. d4 Nf6 4. Bg2 O-O 5. O-O d5 6. c4 c6 7. Qb3 Qb6 8. Nc3
Rd8 9. Bd2 Be6 10. Na4 Qxb3 11. axb3 Na6 12. Rfc1 Ne4 13. Ba5 Rdc8 14. e3 g5 15.
Ne1 Nd6 16. Bf1 dxc4 17. bxc4 b5 18. cxb5 cxb5 19. Nc3 Rab8 20. Nc2 Nc4 21. Nb4
Nxb4 22. Bxb4 Nxb2 23. Bxb5 Nd3 24. Bxd3 Rxb4 25. Ne4 Rxc1+ 26. Rxc1 Bf5 27. Nc5
Bh3 28. Bf1 Bf5 29. Kg2 Rb1 30. Rc4 e6 31. Bd3 Bxd3 32. Nxd3 Bf8 33. Ra4 Rb3 34.
Nc5 Bxc5 35. dxc5 Rc3 36. Ra5 g4 37. h3 h5 38. hxg4 hxg4 39. Kf1 e5 40. Ke2 e4
41. Rxa7 1/2-1/2

[Event "71st ch-RUS HL 2018"]
[Site "Yaroslavl RUS"]
[Date "2018.06.26"]
[Round "1.24"]
[White "Potkin, Vladimir"]
[Black "Gogolev, Artem"]
[Result "1-0"]
[WhiteTitle "GM"]
[BlackTitle "IM"]
[WhiteElo "2592"]
[BlackElo "2407"]
[WhiteFideId "4131061"]
[BlackFideId "4116615"]
[EventDate "2018.06.26"]

1. c4 Nf6 2. Nc3 e6 3. e4 c5 4. e5 Ng8 5. Nf3 Nc6 6. d4 cxd4 7. Nxd4 Nxe5 8.
Ndb5 Bb4 9. Bf4 f6 10. Bxe5 fxe5 11. Qh5+ Kf8 12. O-O-O Qf6 13. Nc7 g6 14. Qe2
Bxc3 15. bxc3 Rb8 16. g3 e4 17. Nb5 a6 18. Nd4 Qg5+ 19. Kb2 Nf6 20. Bg2 d5 21.
f4 Qh5 22. Qe3 Bd7 23. h3 dxc4 24. Bxe4 Kf7 25. f5 exf5 26. Bf3 f4 27. Qxf4 Qc5
28. Bg4 g5 29. Qf3 Bc6 30. Bh5+ 1-0

[Event "71st ch-RUS HL 2018"]
[Site "Yaroslavl RUS"]
[Date "2018.06.26"]
[Round "1.25"]
[White "Rodin, Dmitrij"]
[Black "Pridorozhni, Aleksei"]
[Result "1/2-1/2"]
[WhiteTitle "FM"]
[BlackTitle "GM"]
[WhiteElo "2402"]
[BlackElo "2589"]
[WhiteFideId "4127412"]
[BlackFideId "4127870"]
[EventDate "2018.06.26"]

1. e4 e6 2. d4 d5 3. Nd2 Nf6 4. e5 Nfd7 5. c3 c5 6. Bd3 Nc6 7. Ne2 Qb6 8. Nf3
cxd4 9. cxd4 Qb4+ 10. Qd2 Qxd2+ 11. Bxd2 f6 12. exf6 gxf6 13. O-O Bd6 14. Rac1
Nf8 15. Rfe1 Bd7 16. Bf4 Ke7 17. a3 Bxf4 18. Nxf4 Kd6 19. Nh5 Ke7 20. Nf4 Kf7
21. Bb5 Ng6 22. Nd3 Nge7 23. Nc5 Bc8 24. Rc3 Rd8 25. g3 Rd6 26. Bd3 b6 27. Na6
Bb7 28. Nc7 Rc8 29. Nb5 Rd7 30. Rc2 h6 31. Rce2 a6 32. Nc3 Rd6 33. Nd1 Nb8 34.
Ne3 a5 35. Nf5 Nxf5 36. Bxf5 Rcc6 37. Nh4 Ba6 38. Re3 Nd7 39. f4 Nf8 40. Bb1 Bc8
41. f5 Rc4 42. fxe6+ Rxe6 43. Bf5 Rxe3 44. Rxe3 Ne6 45. Bd3 Rc1+ 46. Kf2 Ng7 47.
Re2 Bg4 48. Rc2 Rxc2+ 1/2-1/2

[Event "71st ch-RUS HL 2018"]
[Site "Yaroslavl RUS"]
[Date "2018.06.26"]
[Round "1.26"]
[White "Oparin, Grigoriy"]
[Black "Zakaryan, David"]
[Result "1-0"]
[WhiteTitle "GM"]
[BlackTitle "FM"]
[WhiteElo "2587"]
[BlackElo "2387"]
[WhiteFideId "24125890"]
[BlackFideId "24101923"]
[EventDate "2018.06.26"]

1. Nf3 Nf6 2. c4 c5 3. Nc3 Nc6 4. d4 cxd4 5. Nxd4 g6 6. g3 Bg7 7. Bg2 O-O 8. O-O
d6 9. Nxc6 bxc6 10. Bxc6 Bh3 11. Bxa8 Qxa8 12. f3 Bxf1 13. Kxf1 Rc8 14. Qd3 Qc6
15. Be3 Qa6 16. Rc1 Nd7 17. b3 Bxc3 18. Qxc3 Qa3 19. Rd1 a5 20. Bc1 Qb4 21. Qe3
Kf8 22. Qh6+ Kg8 23. Bb2 f6 24. Qh3 Qb7 25. Qe6+ Kf8 26. Bc1 g5 27. Qf5 Kg7 28.
Qxa5 Ra8 29. Qd2 g4 30. Kg2 Ne5 31. Rf1 Kf7 32. Qc2 Ke6 33. Bf4 Ng6 34. Be3 Ra3
35. c5 Ne5 36. Bd4 gxf3+ 37. exf3 Qa8 38. Bxe5 fxe5 39. Rf2 dxc5 40. Re2 1-0

[Event "71st ch-RUS HL 2018"]
[Site "Yaroslavl RUS"]
[Date "2018.06.26"]
[Round "1.27"]
[White "Bykov, Oleg"]
[Black "Timofeev, Artyom"]
[Result "1/2-1/2"]
[BlackTitle "GM"]
[WhiteElo "2375"]
[BlackElo "2583"]
[WhiteFideId "24198978"]
[BlackFideId "4140419"]
[EventDate "2018.06.26"]

1. d4 d5 2. Nf3 Nf6 3. c4 e6 4. Nc3 a6 5. e3 Be7 6. a3 O-O 7. c5 Ne4 8. Nxe4
dxe4 9. Nd2 f5 10. Bc4 Kh8 11. b4 b5 12. Bb3 Nd7 13. f3 Nf6 14. fxe4 fxe4 15.
O-O Qd7 16. Bb2 Bb7 17. Bc2 Bd5 18. Qe1 Kg8 19. Qg3 a5 20. Bc3 axb4 21. axb4 Qc6
22. Nb3 Qd7 23. Nd2 Qc6 24. Nb3 Qd7 25. Nd2 1/2-1/2

[Event "71st ch-RUS HL 2018"]
[Site "Yaroslavl RUS"]
[Date "2018.06.26"]
[Round "1.28"]
[White "Volkov, Sergey"]
[Black "Bykov, Egor"]
[Result "1-0"]
[WhiteTitle "GM"]
[BlackTitle "FM"]
[WhiteElo "2580"]
[BlackElo "2373"]
[WhiteFideId "4122763"]
[BlackFideId "34115290"]
[EventDate "2018.06.26"]

1. d4 Nf6 2. c4 e6 3. Nc3 Bb4 4. f3 d5 5. a3 Bxc3+ 6. bxc3 c5 7. cxd5 Nxd5 8.
dxc5 Qa5 9. e4 Nf6 10. Be3 O-O 11. Kf2 Nfd7 12. Rb1 a6 13. Ne2 Nxc5 14. Qd6 Nbd7
15. Ng3 b6 16. Be2 Bb7 17. Rxb6 Qxb6 18. Qxb6 Nxb6 19. Bxc5 Rfc8 20. Bxb6 Rxc3
21. a4 a5 22. Ra1 Bc6 23. Bd4 Rc2 24. Ke3 Rd8 25. Ra3 Be8 26. f4 h5 27. h4 g6
28. Bf6 Rb8 29. Bc3 Rc8 30. Bd2 R2c5 31. Bd3 f5 32. Ne2 fxe4 33. Bxe4 Rc4 34.
Nc3 Bc6 35. Bd3 Rb4 36. Nb5 Rb2 37. Na7 Rc7 38. Nxc6 Rxc6 39. g3 1-0

[Event "71st ch-RUS HL 2018"]
[Site "Yaroslavl RUS"]
[Date "2018.06.26"]
[Round "1.29"]
[White "Okrugin, Sergey"]
[Black "Sakaev, Konstantin"]
[Result "0-1"]
[WhiteTitle "IM"]
[BlackTitle "GM"]
[WhiteElo "2334"]
[BlackElo "2580"]
[WhiteFideId "4125339"]
[BlackFideId "4104226"]
[EventDate "2018.06.26"]

1. e4 c5 2. Nf3 d6 3. d4 cxd4 4. Nxd4 Nf6 5. Nc3 a6 6. h3 e5 7. Nde2 h5 8. Bg5
Be6 9. Qd2 Nbd7 10. f4 Rc8 11. g3 Be7 12. Bg2 Qa5 13. Nd5 Qxd2+ 14. Kxd2 Nxd5
15. exd5 Bf5 16. c3 f6 17. Bh4 g5 18. fxg5 fxg5 19. g4 hxg4 20. hxg4 gxh4 21.
gxf5 Bg5+ 22. Kc2 Ke7 23. Raf1 Kf6 24. Rh3 a5 25. Bh1 Nc5 26. Bg2 b5 27. Ng1 b4
28. Ne2 Rb8 29. Nc1 Bxc1 30. Kxc1 Rbg8 31. cxb4 axb4 32. Rf2 Rg4 33. Kc2 Rd4 34.
Rd2 Rf4 35. Rf3 Rxf3 36. Bxf3 Kxf5 37. Bh1 e4 38. a3 bxa3 39. bxa3 h3 40. Kc3
Rg8 41. Kc4 Rg1 42. Rh2 Kg4 0-1

[Event "71st ch-RUS HL 2018"]
[Site "Yaroslavl RUS"]
[Date "2018.06.27"]
[Round "2.3"]
[White "Motylev, Alexander"]
[Black "Potkin, Vladimir"]
[Result "1/2-1/2"]
[WhiteTitle "GM"]
[BlackTitle "GM"]
[WhiteElo "2659"]
[BlackElo "2592"]
[WhiteFideId "4121830"]
[BlackFideId "4131061"]
[EventDate "2018.06.26"]

1. e4 c5 2. Nf3 d6 3. d4 cxd4 4. Nxd4 Nf6 5. Nc3 a6 6. Be3 e5 7. Nf3 Be7 8. Bc4
O-O 9. O-O Nc6 10. Bg5 Be6 11. Bb3 Nd7 12. Be3 Rc8 13. Re1 Nf6 14. Bg5 Nd7 15.
Be3 Nf6 16. Bg5 Nd7 17. Be3 Nf6 1/2-1/2

[Event "71st ch-RUS HL 2018"]
[Site "Yaroslavl RUS"]
[Date "2018.06.27"]
[Round "2.4"]
[White "Oparin, Grigoriy"]
[Black "Paravyan, David"]
[Result "1-0"]
[WhiteTitle "GM"]
[BlackTitle "GM"]
[WhiteElo "2587"]
[BlackElo "2634"]
[WhiteFideId "24125890"]
[BlackFideId "4194985"]
[EventDate "2018.06.26"]

1. Nf3 d5 2. c4 e6 3. g3 Nf6 4. Bg2 Be7 5. O-O O-O 6. b3 d4 7. e3 c5 8. Bb2 Nc6
9. exd4 cxd4 10. Re1 Re8 11. d3 Bf8 12. Ne5 Nxe5 13. Rxe5 Bd6 14. Bxd4 Bc7 15.
Bb2 Bxe5 16. Bxe5 Nd7 17. Bb2 e5 18. Na3 Nb8 19. c5 Na6 20. d4 exd4 21. Qxd4
Qxd4 22. Bxd4 Rd8 23. Be3 Nb4 24. Bf4 a5 25. Nc4 a4 26. Nb6 axb3 27. Nxa8 b2 28.
Rf1 Bf5 29. Bxb7 b1=Q 30. Rxb1 Bxb1 31. a4 Rd1+ 32. Kg2 Rd4 33. f3 Rc4 34. Bd6
Bf5 35. g4 Bd7 36. a5 Bc6 37. a6 Rxg4+ 38. Kf2 Rc4 39. Nb6 Rc2+ 40. Kg3 Rc3 41.
Nc8 Rxf3+ 42. Kh4 g5+ 43. Kxg5 f6+ 44. Kh4 Kf7 45. Ne7 Bxb7 46. axb7 Na6 47. c6
Rb3 48. Nd5 Ke6 49. b8=Q Nxb8 50. c7 Kxd5 51. cxb8=Q Rxb8 52. Bxb8 1-0

[Event "71st ch-RUS HL 2018"]
[Site "Yaroslavl RUS"]
[Date "2018.06.27"]
[Round "2.5"]
[White "Sakaev, Konstantin"]
[Black "Lysyj, Igor"]
[Result "1/2-1/2"]
[WhiteTitle "GM"]
[BlackTitle "GM"]
[WhiteElo "2580"]
[BlackElo "2630"]
[WhiteFideId "4104226"]
[BlackFideId "4150120"]
[EventDate "2018.06.26"]

1. d4 d5 2. c4 dxc4 3. Nf3 Nf6 4. e3 e6 5. Bxc4 c5 6. O-O Nc6 7. Nc3 a6 8. dxc5
Qxd1 9. Rxd1 Bxc5 10. Bd2 O-O 11. Rac1 Bd7 12. Be2 Ba7 13. Ng5 Rfd8 14. Nce4
Nxe4 15. Nxe4 Be8 16. Kf1 Rd5 17. Bc4 Rdd8 18. Be2 Rd5 19. Bc4 Rdd8 20. Be2 Rd5 1/2-1/2

[Event "71st ch-RUS HL 2018"]
[Site "Yaroslavl RUS"]
[Date "2018.06.27"]
[Round "2.6"]
[White "Fakhrutdinov, Timur"]
[Black "Khismatullin, Denis"]
[Result "0-1"]
[WhiteTitle "FM"]
[BlackTitle "GM"]
[WhiteElo "2460"]
[BlackElo "2627"]
[WhiteFideId "24176702"]
[BlackFideId "4142578"]
[EventDate "2018.06.26"]

1. e4 c5 2. Nf3 e6 3. d4 cxd4 4. Nxd4 a6 5. Bd3 g6 6. O-O Bg7 7. c3 d6 8. Be3
Nf6 9. Nd2 O-O 10. N4b3 Nbd7 11. a4 b6 12. Nc4 d5 13. exd5 Nxd5 14. Bd4 Qc7 15.
Bxg7 Kxg7 16. Re1 Bb7 17. Bf1 Rfd8 18. Qd4+ N5f6 19. Qd6 Qxd6 20. Nxd6 Bd5 21.
c4 Bc6 22. Nd4 Nc5 23. Nxc6 Rxd6 24. Ne5 a5 25. g3 Rad8 26. Reb1 Nb3 27. Ra3 Nd2
28. Rc1 Nfe4 29. Bg2 Nc5 30. Nc6 Ndb3 31. Rf1 R8d7 32. Ne5 Rc7 33. f4 f6 34. Ng4
Rcd7 35. h4 Rd2 36. Rf2 h5 37. Ne3 Rxf2 38. Kxf2 Rd2+ 39. Kg1 Re2 40. Nf1 Rxb2 0-1

[Event "71st ch-RUS HL 2018"]
[Site "Yaroslavl RUS"]
[Date "2018.06.27"]
[Round "2.7"]
[White "Bimiev, Ahmad"]
[Black "Rakhmanov, Aleksandr"]
[Result "1/2-1/2"]
[BlackTitle "GM"]
[WhiteElo "2125"]
[BlackElo "2627"]
[WhiteFideId "24102938"]
[BlackFideId "4173708"]
[EventDate "2018.06.26"]

1. c4 e5 2. Nc3 Bb4 3. g3 Bxc3 4. dxc3 d6 5. Bg2 Ne7 6. Nf3 Nbc6 7. b3 O-O 8.
O-O h6 9. Ne1 Be6 10. Nc2 Qd7 11. e4 Bh3 12. Ne3 Bxg2 13. Kxg2 f5 14. exf5 Nxf5
15. Qd5+ Kh8 16. Bd2 Rae8 17. Qe4 b6 18. Rad1 Nce7 19. a4 Ng8 20. f3 Nxe3+ 21.
Bxe3 Nf6 22. Qc2 Qc6 23. Qe2 Rf7 24. Kg1 Ref8 25. Rf2 a5 26. Qd3 Nd7 27. f4 Nc5
28. Qc2 Ne4 29. Rff1 exf4 30. Rxf4 Ng5 31. Qg2 Qe8 32. Bc1 Rxf4 33. Bxf4 Qh5 34.
Rf1 Nh3+ 35. Kh1 Re8 36. Qf3 Qxf3+ 37. Rxf3 Re1+ 38. Kg2 Nxf4+ 39. Rxf4 Kg8 40.
Rf1 Re3 41. Rf3 Re1 42. Rf1 Re5 43. Rf3 g6 44. Kf2 Rh5 45. h4 Kg7 46. Rf4 Re5
47. Rf3 g5 48. hxg5 Rxg5 49. Rf4 Rh5 50. Kg2 Re5 51. Kf2 Kg6 52. Rg4+ Kf6 53.
Rg8 Rh5 54. Kg2 Rc5 55. Rh8 Kg5 56. Rd8 Kg4 57. Rd7 h5 58. Rd8 Re5 59. Kf2 Kh3
60. Rf8 Rg5 61. Rf3 Kh2 62. b4 Kh3 63. bxa5 bxa5 64. Rf7 c5 65. Rf6 Rxg3 66.
Rxd6 Rxc3 67. Rd5 Rxc4 68. Rxh5+ Kg4 69. Rd5 Kf4 70. Ke2 Ke4 71. Rh5 Kd4 72. Kd2
Rb4 73. Kc2 Rc4+ 74. Kd2 Ke4 75. Rh4+ Kd5 76. Rh5+ Ke6 77. Rh6+ Kf5 78. Rh5+ Kg4
79. Rd5 Kf4 80. Kd3 Rc1 81. Kd2 Ke4 82. Rh5 Rc4 83. Rh4+ Kd5 84. Rh5+ Ke6 85.
Rh6+ Kf5 86. Rh5+ Kg6 87. Rd5 Kf6 88. Kd3 Rc1 89. Rd6+ Ke5 90. Ra6 c4+ 91. Kd2
Ra1 92. Rxa5+ Kd4 93. Ra8 Ra2+ 94. Kc1 Kc3 95. Kb1 Rb2+ 96. Kc1 Rh2 97. Kb1 Rb2+
98. Kc1 Re2 99. Kb1 Re1+ 100. Ka2 Kc2 101. a5 c3 102. a6 Re6 103. Ka3 Rc6 104.
Ka4 Kb2 105. Rb8+ Ka2 106. Kb5 Rc7 107. Kb6 c2 108. a7 Rxa7 109. Rc8 1/2-1/2

[Event "71st ch-RUS HL 2018"]
[Site "Yaroslavl RUS"]
[Date "2018.06.27"]
[Round "2.8"]
[White "Ponkratov, Pavel"]
[Black "Volkov, Sergey"]
[Result "0-1"]
[WhiteTitle "GM"]
[BlackTitle "GM"]
[WhiteElo "2622"]
[BlackElo "2580"]
[WhiteFideId "4157800"]
[BlackFideId "4122763"]
[EventDate "2018.06.26"]

1. e4 e6 2. d4 d5 3. Nc3 Nf6 4. e5 Nfd7 5. f4 c5 6. Nf3 Nc6 7. Be3 Be7 8. Qd2
O-O 9. dxc5 Qa5 10. O-O-O b6 11. Bb5 Nb4 12. a3 bxc5 13. f5 Na2+ 14. Nxa2 Qxb5
15. Nc3 Qb6 16. Bg5 Rb8 17. Na4 Qd8 18. h4 Bb7 19. Qf4 exf5 20. Qxf5 Bc6 21. Nc3
d4 22. Ne4 Bxe4 23. Qxe4 Rb6 24. Rde1 h6 25. Qf5 Re8 26. Ref1 Nf8 27. Bxe7 Rxe7
28. e6 Rbxe6 29. Qxc5 Rd6 30. Kb1 Ne6 31. Qf5 Rd5 32. Qg4 Rb7 33. Ne1 Qb6 34. b4
a5 35. Nd3 axb4 36. axb4 Qa6 37. Qe4 Ra7 38. Kc1 Qa1+ 39. Kd2 Qc3+ 40. Ke2 Qxc2+
41. Kf3 Ra3 42. Rd1 Rb5 43. Rhe1 Rxb4 44. Kg4 h5+ 45. Kf5 Rb5+ 46. Ne5 Qf2+ 0-1

[Event "71st ch-RUS HL 2018"]
[Site "Yaroslavl RUS"]
[Date "2018.06.27"]
[Round "2.9"]
[White "Matlakov, Maxim"]
[Black "Goryachkina, Aleksandra"]
[Result "1/2-1/2"]
[WhiteTitle "GM"]
[BlackTitle "WGM"]
[WhiteElo "2699"]
[BlackElo "2505"]
[WhiteFideId "4168003"]
[BlackFideId "4147103"]
[EventDate "2018.06.26"]

1. c4 c6 2. Nf3 d5 3. d4 Nf6 4. Nc3 dxc4 5. a4 e6 6. e3 c5 7. Bxc4 Nc6 8. O-O
cxd4 9. Nxd4 Ne5 10. Be2 Bc5 11. Nb3 Qxd1 12. Rxd1 Bb4 13. Bd2 O-O 14. Nb5 Bxd2
15. Rxd2 Bd7 16. Nd6 b6 17. a5 bxa5 18. Rxa5 Nc6 19. Ra1 Nb4 20. e4 Bc6 21. f3
Rfd8 22. Kf2 Kf8 23. Rc1 Rab8 24. Nc4 Bb5 25. Rxd8+ Rxd8 26. Ne5 Bxe2 27. Kxe2
Nd7 28. Nxd7+ Rxd7 29. Nc5 Rd6 30. Rc4 Nc6 31. Ke3 Ne5 32. Ra4 Nd7 33. b4 Nxc5
34. bxc5 Rd7 35. Ra6 e5 36. f4 Rc7 37. c6 f6 38. fxe5 fxe5 39. Kd3 Ke7 40. Kc4
Kd6 41. Kb5 h5 42. h4 Rc8 43. Rxa7 Rxc6 44. Rxg7 Rc2 45. Rg6+ Kd7 46. Rg5 Re2
47. Rxh5 Rxe4 48. Rh8 Ke7 49. h5 Kf7 50. h6 Kg6 51. g4 Re1 52. Kc4 Rh1 53. Rg8+
Kh7 54. Re8 Rg1 55. Rxe5 Rxg4+ 1/2-1/2

[Event "71st ch-RUS HL 2018"]
[Site "Yaroslavl RUS"]
[Date "2018.06.27"]
[Round "2.10"]
[White "Lomasov, Semen"]
[Black "Inarkiev, Ernesto"]
[Result "0-1"]
[WhiteTitle "IM"]
[BlackTitle "GM"]
[WhiteElo "2549"]
[BlackElo "2684"]
[WhiteFideId "24164879"]
[BlackFideId "4162722"]
[EventDate "2018.06.26"]

1. e4 e5 2. Nf3 Nc6 3. d4 exd4 4. Nxd4 Nf6 5. Nc3 Bb4 6. Nxc6 bxc6 7. Bd3 d5 8.
exd5 cxd5 9. O-O O-O 10. h3 c6 11. Qf3 Rb8 12. Bf4 Bd6 13. b3 Qc7 14. Bxd6 Qxd6
15. Qg3 Qxg3 16. fxg3 Be6 17. Na4 Nd7 18. g4 c5 19. Rad1 Rfc8 20. Ba6 Rc7 21.
Nc3 Nb6 22. Ne2 Rd8 23. Nf4 Rd6 24. Be2 a5 25. Bf3 g6 26. Rfe1 a4 27. Re5 Nd7
28. Re2 d4 29. Rde1 Nf8 30. g5 c4 31. bxa4 Ra7 32. Rd2 Rxa4 33. Ne2 d3 34. Nc3
Ra5 35. Ne4 Rd4 36. cxd3 cxd3 37. Red1 Bc4 38. Kf2 Ne6 39. h4 Kg7 40. g3 h6 41.
gxh6+ Kxh6 42. Re1 Rf5 43. Nc3 g5 44. Ke3 gxh4 45. Rh1 Re5+ 46. Kf2 Kg5 47.
gxh4+ Rxh4 48. Rxh4 Kxh4 49. Rb2 Nd4 50. Rb4 Rf5 51. Rxc4 Rxf3+ 52. Ke1 Rf4 53.
Kd1 Kg3 54. a4 f5 55. Rb4 Ne2 56. Na2 Nc3+ 0-1

[Event "71st ch-RUS HL 2018"]
[Site "Yaroslavl RUS"]
[Date "2018.06.27"]
[Round "2.12"]
[White "Gordievsky, Dmitry"]
[Black "Goganov, Aleksey"]
[Result "1/2-1/2"]
[WhiteTitle "GM"]
[BlackTitle "GM"]
[WhiteElo "2641"]
[BlackElo "2576"]
[WhiteFideId "24112798"]
[BlackFideId "24109959"]
[EventDate "2018.06.26"]

1. c4 e6 2. Nc3 Bb4 3. e4 c5 4. g3 Nc6 5. Bg2 h5 6. Nf3 d6 7. O-O Bxc3 8. dxc3
e5 9. Qd3 Bg4 10. Nh4 g6 11. Be3 Qe7 12. Rab1 Be6 13. Nf3 f6 14. Nh4 Bf7 15. f4
exf4 16. gxf4 O-O-O 17. b4 Nh6 18. Bf2 Rhg8 19. Rfe1 Qe6 20. Qf3 g5 21. b5 Na5
22. f5 Qe8 23. Ng6 Bxg6 24. fxg6 Qxg6 25. Rbd1 Nf7 26. Qf5+ Qxf5 27. exf5 Ne5
28. Bd5 Rge8 29. Bg3 Naxc4 30. Bxe5 Nxe5 31. a4 b6 32. a5 bxa5 33. Re2 Kb8 34.
Ra2 Re7 35. Rxa5 Nd7 36. c4 Nb6 37. Be6 h4 38. Ra6 Rg7 39. h3 g4 40. Kh2 gxh3
41. Kxh3 Rg3+ 42. Kh2 Rg4 43. Rda1 Rg7 44. Kh3 Rh8 45. Rd1 Rg3+ 46. Kh2 Rd8 47.
Rda1 Rg7 48. Kh3 Rh8 49. Rd1 Rg3+ 50. Kh2 Rd8 1/2-1/2